000 00426nam a2200169Ia 4500
003 GCL
008 140319s9999 xx 000 0 eng d
040 _aGCL /
_cGCL
082 0 4 _a698
_bP R
100 1 _aPESSEY, CHRISTIAN
245 1 0 _aLES REVETEMENTS MUROUX /
_cPESSEY, CHRISTIAN
260 _a[S.N] :
_bLE LIVRE DE POCHE ،
_c1988
300 _a125 P
650 0 4 _aDETAIL FINISHING
650 0 4 _aHOME
942 _2ddc
_cBK
999 _c12554
_d12554